Kierowcy Formuły 1 2021 - Statystyki

Ogólne statystyki
  • Ten quiz został rozwiązany 160 razy
  • Średni wynik to 19 z 20
Statystyki odpowiedzi
Zespół Numer Kierowca % Poprawnych
Mercedes 44 Hamilton
100%
Ferrari 16 Leclerc
100%
Mercedes 77 Bottas
99%
Red Bull Racing 33 Verstappen
99%
Aston Martin 5 Vettel
98%
Red Bull Racing 11 Perez
97%
Ferrari 55 Sainz
97%
McLaren 4 Norris
96%
AlphaTauri 10 Gasly
94%
Alpine 14 Alonso
93%
Alpine 31 Ocon
93%
Aston Martin 18 Stroll
92%
Williams 63 Russell
91%
Haas 20 Schumacher
91%
Williams 6 Latifi
89%
AlphaTauri 22 Tsunoda
87%
Alfa Romeo 7 Raikkonen
86%
McLaren 3 Ricciardo
86%
Alfa Romeo 99 Giovinazzi
83%
Haas 9 Mazepin
80%
Nie znaleziono quizów pasujących do podanych kryteriów
Rozkład punktacji
Procent ludzi z każdym wynikiem
Percentyl według liczby udzielonych odpowiedzi
Twoja historia wyników
Nie rozwiązałeś tego quizu